000 00881nam a22002297a 4500
999 _c4773
_d4773
003 AR-CdUCM
008 190311b ||||| |||| 00| 0 spa d
040 _aMUNICIPALIDAD PROVINCIAL DEL CUSCO
_cBIBLIOTECA MUNICIPAL DEL CUSCO
041 _hru.
082 _22ed.
_a401 /
_bG67
100 _aGorski, D.P
_914757
245 _aPensamiento y lenguaje /
260 _aMéxico :
_bGrijalbo,
_c1962.
300 _a365 paginas ;
_c22 cm.
500 _aDonación familia Nieto
505 _aContenido :Origen del lenguaje y su papel en la formación del pensamiento --Lenguaje y conocimiento --Acerca de la correlación existente entre el lenguaje y el pensamiento --Las formas lógicas y su expresión en el lenguaje ...
650 _aLenguaje
_95227
650 _aConocimiento
_95704
700 _aAugusto Vidal Roget (traductor)
_914758
942 _2ddc
_cLIBROS
945 _arjall